000 00509nam a2200193Ia 4500
005 20250220052006.0
008 240331s9999 xx 000 0 und d
020 _a0646381067
082 _bGUN
_24943954
100 _aGunasingam, M
245 0 _aIlankaith Thamil Thesiyavatham Athan Aarambath Thottam Pattiyathor Aaivu
250 _a2nd Edition
260 _aSydney
_bM. V Publications
_c2003
300 _axvi, 346 p.,
650 _aTamil Nation
650 _aHistory
650 _aOrigin
942 _cL
999 _c4266
_d4266